000 00538cam a22001457a 4500
008 180718b1968 xxu||||| |||| 00| 0 eng d
082 _aI548x42 Se96
100 _aSeymour-Ure, Colin
245 _aPress, politics and thepublic: an essay on the role of the national press in the British political system
_cby Colin Seymour-Ure
260 _aLondon
_bMethuen
_c1968
300 _a328p
650 _aPublic interest --Great Britain
650 _aJournalism --Political aspects --Great Britain
650 _aPress and politics --Great Britain
999 _c429156
_d429156